I dieci mondi : introduzione al Buddismo di Nichiren Daishonin /
I tiakina i:
| Kaituhi matua: | |
|---|---|
| Hōputu: | Pukapuka |
| Reo: | Itāriana |
| I whakaputaina: |
Milano :
Esperia,
2004,
|
| Ngā marau: | |
| Ngā Tūtohu: |
Kāore He Tūtohu, Me noho koe te mea tuatahi ki te tūtohu i tēnei pūkete!
|
MARC
| LEADER | 00000nam a22000007i 4500 | ||
|---|---|---|---|
| 001 | IT\ICCU\CFI\0608641 | ||
| 003 | ItRI | ||
| 005 | 20260115231945.0 | ||
| 008 | 050111s2004 it |||||| ||||| |||||c | ||
| 015 | |2 IT |a 2005-193 | ||
| 020 | |a 8886031823 | ||
| 040 | |b ita |c importazione bologna sebina | ||
| 041 | 7 | |a ita |2 ISO-639-2 | |
| 082 | |a 294.3 |9 BUDDISMO |2 21 | ||
| 082 | |a 294.3928092 |9 BUDDISMO. SETTE DI NICHIREN E SOKA-GAKKAI. Persone |2 21 | ||
| 100 | 1 | |a Causton, Richard |0 IT\ICCU\UBOV\736514 |4 aut | |
| 245 | 1 | 2 | |a I dieci mondi : |b introduzione al Buddismo di Nichiren Daishonin / |c Richard Causton. |
| 260 | |a Milano : |b Esperia, |c 2004, |g (stampa 2005) | ||
| 300 | |a VIII, 135 p. ; |c 21 cm | ||
| 650 | 7 | |a Nichiren |2 scbi | |
| 942 | |2 ddc |c BK |n 0 | ||
| 952 | |0 0 |1 0 |4 0 |6 DOC_294_300000000000000_CAU |7 0 |9 17806 |a BO |b BO |d 2026-01-15 |i 12021 |l 0 |o DOC 294.3 CAU |p BO12021 |r 2026-01-15 23:19:45 |w 2026-01-15 |x [Sebina 5] [1 v.] |y BK |z 1 v. | ||
| 999 | |c 15147 |d 15147 | ||